| 000 | 01042cam a22003131i 4500 | ||
|---|---|---|---|
| 001 | gs 06000327 | ||
| 003 | DLC | ||
| 005 | 20260227111303.0 | ||
| 008 | 790223s1905 dcuabf f001 0 eng | ||
| 010 | _ags 06000327 | ||
| 035 | _a(OCoLC)4684585 | ||
| 040 |
_aDLC _cICharE _dDLC |
||
| 042 | _apremarc | ||
| 043 |
_an-us-vt _an-us-ma |
||
| 050 | 0 | 0 |
_aQE75 _b.B9 |
| 100 | 1 |
_aDale, T. Nelson _q(Thomas Nelson), _d1845-1937. |
|
| 245 | 1 | 0 |
_aTaconic physiography / _cby T. Nelson Dale. |
| 260 |
_aWashington, _bGovt. Print. Off., _c1905. |
||
| 300 |
_a 52, iii p. : xiv pl. (incl. maps, part fold.) diagrs.; _c24 cm. |
||
| 490 | 1 |
_aU.S. Geological survey. Bulletin _vno. 272 |
|
| 500 | _aSubject series: B, Descriptive geology, 74. | ||
| 500 | _aIssued also as House doc. no. 205, 59th Cong., 1st sess. | ||
| 500 | _a"Literature": p. 10-18. | ||
| 500 | _aIncludes index. | ||
| 651 | 0 | _aTaconic Range. | |
| 650 | 0 |
_aGeology _zVermont. |
|
| 650 | 0 |
_aGeology _zMassachusetts. |
|
| 810 | 2 |
_aGeological Survey (U.S.). _tBulletin ; _vno. 272. |
|
| 999 |
_c24413 _d24413 |
||